European Capitals - Sudden Death ! - Statistics

General Stats
  • This quiz has been taken 913 times
    551 since last reset
  • The average score is 13 of 20
Answers on the Grid
Answers color-coded by a green-red scale on the quiz's grid according to % correct below.
Belmopan
Asmara
Basel
Bucharest
Chisinau
Dodoma
Belfast
Helsinki
Kyiv
Minsk
Ljubljana
Luanda
Podgorica
Reykjavik
Riga
Roseau
Sarajevo
Skopje
Tallinn
Tirana
Vaduz
Valletta
Victoria
Vilnius
Zagreb
Moroni
Munich
Bratislava
Barcelona
Sofia
Krakow
Gothenburg
Brno
San Marino
Bangui
Astana
 
Answer Stats
Answer % Correct
Bucharest
87%
Helsinki
80%
Kyiv
77%
Reykjavik
75%
Minsk
70%
Riga
70%
Zagreb
69%
Tallinn
68%
Sarajevo
67%
Sofia
67%
Ljubljana
66%
Chisinau
63%
Tirana
63%
Vilnius
62%
Bratislava
61%
San Marino
60%
Skopje
60%
Valletta
60%
Vaduz
57%
Podgorica
55%
No matching quizzes found
Score Distribution
Percent of People with Each Score
Percentile by Number Answered
Your Score History
You have not taken this quiz since the last reset